Análisis de perdidas en micromedición del consumo de agua y su incidencia en la sostenibilidad de Sela Oruro 2024 / (Registro nro. 16183)

Detalles MARC
000 -LEADER
campo de control de longitud fija 01908nam a22002894aa4500
003 - IDENTIFICADOR DE NÚMERO DE CONTROL
campo de control BOFEUTO
005 - FECHA Y HORA DE LA ÚLTIMA TRANSACCIÓN
campo de control 20260626115021.0
008 - DATOS DE LONGITUD FIJA--INFORMACIÓN GENERAL
campo de control de longitud fija 260611t2025 bo gr 000 f spa d
040 ## - FUENTE DE CATALOGACIÓN
Enlace BOFEUTO
Centro catalogador/agencia de origen BOFEUTO
Centro/agencia transcriptor BOFEUTO
041 ## - CÓDIGO DE IDIOMA
Código de lengua del texto/banda sonora o título independiente spa
044 ## - CÓDIGO DEL PAÍS DE LA ENTIDAD EDITORA/PRODUCTORA
Código MARC del país bo
082 ## - NÚMERO DE LA CLASIFICACIÓN DECIMAL DEWEY
Número de clasificación TE6325
Número de ítem Ar686a
100 ## - ENTRADA PRINCIPAL--NOMBRE DE PERSONA
Nombre de persona Argandoña Hurtado, Adriana Grace
Término indicativo de función/relación autor
245 ## - MENCIÓN DEL TÍTULO
Título Análisis de perdidas en micromedición del consumo de agua y su incidencia en la sostenibilidad de Sela Oruro 2024 /
Mención de responsabilidad, etc. Adriana Grace Argandoña Hurtado, María Soledad Sánchez Calizaya
260 ## - PUBLICACIÓN, DISTRIBUCIÓN, ETC.
Lugar de publicación, distribución, etc. Oruro:
Nombre del editor, distribuidor, etc. s/n,
Fecha de publicación, distribución, etc. 2025.
300 ## - DESCRIPCIÓN FÍSICA
Extensión 74 hojas ;
Otras características físicas ilus, gráf. ;
Dimensiones 28.5 cm,
500 ## - NOTA GENERAL
Nota general Incluye bibliografía, anexos.
502 ## - NOTA DE TESIS
Nota de tesis Trabajo Dirigido, (Licenciatura) -- Universidad Técnica de Oruro, Facultad de Ciencias Económicas, Financieras y Administrativas, Carrera Ingeniería Comercial, 2025.
520 ## - RESUMEN, ETC.
Sumario, etc. El presente trabajo analiza las pérdidas en micromedición y su incidencia en la sostenibilidad de SeLa Oruro, una Empresa dedicada a la provisión de servicios de agua potable y alcantarillado. A través de un modelo de simulación basado en dinámica de sistemas, se evaluó el impacto de factores como el desgaste de los medidores, el subregistro, las fugas visibles y no visibles, y el consumo no autorizado en los ingresos de la empresa del año 2024. Los resultados del diagnóstico muestran que más del 60% de los medidores instalados han supero su vida útil, generando un subregistro que alcanza hasta 29.66%, mientras que el índice de agua no contabilizada se mantiene un promedio en 25.22%. Estas pérdidas afectan significativamente los ingresos operativos y la capacidad de inversión de la empresa.
651 ## - PUNTO DE ACCESO ADICIONAL DE MATERIA--NOMBRE GEOGRÁFICO
Nombre geográfico Micromedición
653 ## - TÉRMINO DE INDIZACIÓN--NO CONTROLADO
Término no controlado Agua
653 ## - TÉRMINO DE INDIZACIÓN--NO CONTROLADO
Término no controlado Sostenibilidad
653 ## - TÉRMINO DE INDIZACIÓN--NO CONTROLADO
Término no controlado SeLa
653 ## - TÉRMINO DE INDIZACIÓN--NO CONTROLADO
Término no controlado Modelo de Simulación
700 ## - ENTRADA AGREGADA--NOMBRE PERSONAL
Nombre de persona Sánchez Calizaya, María Soledad
Término indicativo de función/relación tutor
942 ## - ELEMENTOS DE ENTRADA SECUNDARIOS (KOHA)
Fuente del sistema de clasificación o colocación Clasificación Decimal Dewey
Tipo de ítem Koha Tesis
Suprimir en OPAC No

No hay ítems disponibles.

Biblioteca Central
Dirección: Calle Cochabamba entre 6 de Octubre y Potosí s/n
Teléfono: (591-2)5281707 - 2-52-38450
Contacto: biblioteca.central@gmail.com